02516cam a22002773i 45000010009000000050017000090080041000260200018000670350024000850350021001090370034001300400044001640410008002080500026002161000032002422450045002742600054003193000024003735200779003975200914011766500030020906500030021206500035021506500020021856510033022051285848720251029133641.0231004t20232023quc e 000 1 fre d a9782925141709 a(OCoLC)on1395955908 a(CaBVaU)12858487 a204025355bGroupe Archambault aTOHbengcTOHerdadOCLCQdUBCdUtOrBLW afre 4aPS8613.O342bC66 2023 aGodin, Louis-Danieleauthor13aLe compte est bonc/ Louis-Daniel Godin. aSaguenay (Quebec) :bEditions la Peuplade,c2023. a261 pages ;c19 cm. aChildren are born in cabbages, you can buy cabbages at the grocery store, you can buy children. The child arrives in his family at the age of five days. At a very young age, love and money tormented him. Do you owe someone a debt when you are adopted? From then on, he continues to obsessively count the losses and gains: a pilfered chocolate, a confiscated twenty-dollar bill, the prize from a game show, gifts to his mother as well as failed acts. But how can you find what you're looking for? How can you count yourself when a gap, a breach, a hole, appears between childhood memories and what really was, between your social environment and your new passions? How can we fill this hole represented by the first five days of life where we were floating between two names? aLes enfants naissent dans les choux, on peut acheter des choux à l’épicerie, donc on peut acheter des enfants. L’enfant arrive dans sa famille à l’âge de cinq jours. Très tôt, l’amour et l’argent le tourmentent. Doit-on une dette à quelqu’un lorsqu’on est adopté ? Dès lors, il ne cesse de compter obsessivement les pertes et les gains : un chocolat chapardé, un billet de vingt dollars confisqué, le gain d’un jeu télévisé, les cadeaux offerts à sa mère comme autant d’actes manqués. Mais comment retrouver ce que l’on cherche ? Comment se compter soi-même lorsqu’un écart, une brèche, un trou s’ouvre entre les souvenirs d’enfance et ce qui a réellement été, entre son milieu social et ses nouvelles passions ? Comment combler ce vide représenté par les cinq premiers jours de la vie, durant lesquels on flottait entre deux noms ? 0aAdopted childrenvFiction 0aAdoptive parentsvFiction 0aIdentity (Psychology)vFiction 0aMemoryvFiction 0aQuébec (Province)vFiction